| 000 | 00000cam 2200000zi 4500 |
| 001 | 9.958446 |
| 003 | CaOODSP |
| 005 | 20260605140823 |
| 006 | m o d f |
| 007 | cr cn||||||||| |
| 008 | 251219e202604##onc o f000 0 eng d |
| 020 | |a9780660977805 |
| 040 | |aCaOODSP|beng|erda|cCaOODSP |
| 043 | |an-cn--- |
| 045 | |ay2y2 |
| 086 | 1 |aP114-43/2026E-PDF |
| 245 | 00|aFollow-up report to the 2021-2022 procurement practice review of the Department of National Defence / |cOffice of the Procurement Ombud. |
| 264 | 1|aOttawa, ON : |bGovernment of Canada, Office of the Procurement Ombud = Gouvernement du Canada, Bureau de l'ombud de l'approvisionnement, |cApril 2026. |
| 300 | |a1 online resource (19 pages) |
| 336 | |atext|btxt|2rdacontent |
| 337 | |acomputer|bc|2rdamedia |
| 338 | |aonline resource|bcr|2rdacarrier |
| 500 | |aIssued also in French under title: Rapport de suivi concernant l'examen des pratiques d'approvisionnement du Ministère de la défense nationale de 2021-2022. |
| 610 | 10|aCanada. |bDepartment of National Defence|xProcurement|xEvaluation. |
| 710 | 1 |aCanada. |bOffice of the Procurement Ombud, |eissuing body. |
| 775 | 08|tRapport de suivi concernant l'examen des pratiques d'approvisionnement du Ministère de la défense nationale de 2021-2022 / |w(CaOODSP)9.958447 |
| 856 | 40|qPDF|s383 KB|uhttps://publications.gc.ca/collections/collection_2026/spac-pspc/P114-43-2026-eng.pdf |
| 856 | 4 |qHTML|sN/A|uhttps://opo-boa.gc.ca/praapp-prorev/2026/suivi-followup-mdn-dnd-eng.html |